Art of scientific investigation (Record no. 10822)

MARC details
000 -LEADER
fixed length control field 00352nam a2200133Ia 4500
082 ## - DEWEY DECIMAL CLASSIFICATION NUMBER
Classification number 011.42 BEV-;
100 ## - MAIN ENTRY--AUTHOR NAME
Personal name Beveridge, W. I. B
245 #0 - TITLE STATEMENT
Title Art of scientific investigation
260 ## - PUBLICATION, DISTRIBUTION, ETC. (IMPRINT)
Place of publication London
Name of publisher Mercury Books
Year of publication 1950
300 ## - PHYSICAL DESCRIPTION
Number of Pages xii, 178p.: Photograps
650 ## - SUBJECT ADDED ENTRY--TOPICAL TERM
Topical Term Scientific research
650 ## - SUBJECT ADDED ENTRY--TOPICAL TERM
Topical Term Investigations - Research
942 ## - ADDED ENTRY ELEMENTS (KOHA)
Koha item type Books
Source of classification or shelving scheme Dewey Decimal Classification
Holdings
Withdrawn status Lost status Damaged status Not for loan Home library Current library Date acquired Full call number Accession Number Price effective from Koha item type
        NASSDOC Library NASSDOC Library 08/06/2004 011.42 BEV-; 332 18/04/2019 Books